[Event "Russian Winter op"]
[Site "Moscow"]
[Date "1991.??.??"]
[Round "?"]
[White "Frog, Ilya"]
[Black "Katishonok, Igor"]
[Result "0-1"]
[WhiteElo "2390"]
[BlackElo "2255"]
[PlyCount "68"]
[EventDate "1991.??.??"]
[EventType "swiss"]
[EventRounds "9"]
[EventCountry "URS"]
[SourceTitle "TD"]
[Source "ChessBase"]
[SourceDate "1994.03.01"]
[SourceVersion "1"]
[SourceVersionDate "1994.03.01"]
[SourceQuality "1"]

1. d4 Nf6 2. c4 c5 3. dxc5 e6 4. Nc3 Bxc5 5. e4 Nc6 6. Nf3 Ng4 7. Be3 Nxe3 8. fxe3 Bxe3 9. Bd3 Qb6 10. Qe2 d6 11. h4 Bf4 12. Nd1 0-0 13. e5 Bg3+ 14. Kf1 Nxe5 15. Rh3 Nxf3 16. gxf3 Be5 17. f4 Bd4 18. h5 f5 19. Rc1 Bd7 20. Ne3 Qxb2 21. Rc2 Qb1+ 22. Nd1 Qb6 23. Qe1 Rae8 24. Rg2 Re7 25. Ne3 Rff7 26. Re2 Bf6 27. Qg3 Qd4 28. Bc2 b5 29. Bb3 a5 30. a3 Qa1+ 31. Kf2 Qxa3 32. Bc2 bxc4 33. Qg2 Qc5 34. Qa8+ Rf8 0-1

[Event "Moscow6"]
[Site "Moscow"]
[Date "1991.??.??"]
[Round "?"]
[White "Katishonok, Igor"]
[Black "Brodsky, Michail"]
[Result "0-1"]
[WhiteElo "2240"]
[BlackElo "2415"]
[PlyCount "104"]
[EventDate "1991.??.??"]
[EventType "swiss"]
[EventRounds "9"]
[EventCountry "URS"]
[SourceTitle "TD"]
[Source "ChessBase"]
[SourceDate "1994.03.01"]
[SourceVersion "1"]
[SourceVersionDate "1994.03.01"]
[SourceQuality "1"]

1. c4 Nf6 2. Nc3 c5 3. g3 e6 4. Nf3 b6 5. Bg2 Bb7 6. 0-0 Be7 7. b3 d6 8. e3 Nbd7 9. Bb2 0-0 10. Qe2 Ne4 11. Nxe4 Bxe4 12. d3 Bb7 13. Rfd1 Bf6 14. d4 Qc7 15. Rd2 Rad8 16. Rad1 Rfe8 17. h4 cxd4 18. Nxd4 Bxg2 19. Kxg2 a6 20. e4 Qb7 21. Re1 Qa8 22. Qf3 Ne5 23. Qd1 d5 24. cxd5 exd5 25. f3 g6 26. exd5 Rxd5 27. Re4 Red8 28. Bc3 Nc6 29. Nxc6 Qxc6 30. Rc4 Rxd2+ 31. Bxd2 Qd5 32. Rc2 Qd3 33. Qc1 Qe2+ 34. Kh3 Qxf3 35. Bh6 Bxh4 36. Rc3 Qf5+ 37. g4 Qf2 38. Qf4 Qe1 39. Qf3 Be7 40. Bf4 Bc5 41. Rc2 Re8 42. Rd2 Qe6 43. Kg3 Be3 44. Bxe3 Qxe3 45. Qxe3 Rxe3+ 46. Kf4 Re6 47. Rd7 h6 48. Ra7 a5 49. Rb7 Kg7 50. Rb8 Kf6 51. Rb7 g5+ 52. Kf3 Kg6 0-1

[Event "Russian Winter op"]
[Site "Moscow"]
[Date "1991.??.??"]
[Round "?"]
[White "Katishonok, Igor"]
[Black "Hramtsov, Alexander"]
[Result "1/2-1/2"]
[WhiteElo "2255"]
[BlackElo "2300"]
[PlyCount "120"]
[EventDate "1991.??.??"]
[EventType "swiss"]
[EventRounds "9"]
[EventCountry "URS"]
[SourceTitle "TD"]
[Source "ChessBase"]
[SourceDate "1994.03.01"]
[SourceVersion "1"]
[SourceVersionDate "1994.03.01"]
[SourceQuality "1"]

1. Nf3 g6 2. d4 Bg7 3. e4 d6 4. c4 Bg4 5. d5 Nf6 6. Nc3 0-0 7. Be2 c6 8. 0-0 Qc7 9. Be3 Nbd7 10. Rc1 Rfc8 11. h3 Bxf3 12. Bxf3 cxd5 13. cxd5 Qd8 14. Bd4 a6 15. a4 Qa5 16. Be2 Qb4 17. f3 Nh5 18. Bxg7 Kxg7 19. Qd2 Ng3 20. Rf2 Nxe2+ 21. Qxe2 Rc4 22. Re1 Nc5 23. Qe3 Rd4 24. e5 Nxa4 25. exd6 exd6 26. f4 Rf8 27. f5 f6 28. fxg6 hxg6 29. Nxa4 Qxa4 30. Qe7+ Rf7 31. Qxd6 Rd1 32. Rxd1 Qxd1+ 33. Kh2 Qe1 34. Qc5 Qe5+ 35. g3 Rc7 36. Qb6 Rd7 37. Rd2 f5 38. Kg2 Qe4+ 39. Kf2 Re7 40. Qd4+ Qxd4+ 41. Rxd4 Kf6 42. h4 Ke5 43. Ke3 Rd7 44. g4 Rd6 45. gxf5 gxf5 46. h5 a5 47. Rc4 Rb6 48. d6 Rxd6 49. Rc5+ Kf6 50. h6 Kg5 51. Rxa5 Rxh6 52. Rb5 b6 53. Kf3 Rc6 54. Kg3 Kf6 55. Kf4 Ke6 56. Re5+ Kd6 57. Rxf5 Rc2 58. Ke3 Rxb2 59. Kd3 Kc6 60. Kc3 Rb1 1/2-1/2

[Event "Russian Winter op"]
[Site "Moscow"]
[Date "1991.??.??"]
[Round "?"]
[White "Katishonok, Igor"]
[Black "Sergeev, Vladimir"]
[Result "1/2-1/2"]
[WhiteElo "2255"]
[BlackElo "2325"]
[PlyCount "120"]
[EventDate "1991.??.??"]
[EventType "swiss"]
[EventRounds "9"]
[EventCountry "URS"]
[SourceTitle "TD"]
[Source "ChessBase"]
[SourceDate "1994.03.01"]
[SourceVersion "1"]
[SourceVersionDate "1994.03.01"]
[SourceQuality "1"]

1. Nf3 d5 2. d4 Nf6 3. c4 c6 4. cxd5 cxd5 5. Nc3 Nc6 6. Bf4 e6 7. e3 Be7 8. h3 0-0 9. Bd3 Bd7 10. 0-0 Qb6 11. a3 Na5 12. b4 Nc4 13. Ne5 Rac8 14. Bxc4 dxc4 15. Qe2 Rfd8 16. Rfc1 Nd5 17. Bg3 Be8 18. Ne4 c3 19. Nc5 a5 20. bxa5 Qa7 21. Ned3 Bb5 22. Qh5 Nf6 23. Qf3 Bc6 24. Qd1 Qxa5 25. Nb3 Qd5 26. Nf4 Qf5 27. Rxc3 Ne4 28. Rc4 Nxg3 29. fxg3 g5 30. Nd3 Bd6 31. Kh2 Qe4 32. Qe2 Bb5 33. Rxc8 Rxc8 34. Ndc5 Bxg3+ 35. Kg1 Bxe2 36. Nxe4 Bb8 37. Nbc5 b6 38. Nd7 Ba7 39. Nxg5 Kg7 40. Ne5 Bh5 41. Rf1 Rc7 42. g4 Bg6 43. Nxg6 Kxg6 44. Ne4 Bb8 45. h4 Ra7 46. h5+ Kg7 47. Ra1 f5 48. gxf5 exf5 49. Nc3 Kh6 50. Nd5 b5 51. Rb1 Kxh5 52. Rxb5 Bd6 53. Nb6 Rg7+ 54. Kf2 Kg4 55. Nc4 Bg3+ 56. Kg2 h5 57. e4 fxe4 58. Ne3+ Kf4 59. Nd5+ Kf5 60. Ne3+ Kf4 1/2-1/2

[Event "Russian Winter op"]
[Site "Moscow"]
[Date "1991.??.??"]
[Round "?"]
[White "Makarov, Marat"]
[Black "Katishonok, Igor"]
[Result "1-0"]
[WhiteElo "2480"]
[BlackElo "2255"]
[PlyCount "57"]
[EventDate "1991.??.??"]
[EventType "swiss"]
[EventRounds "9"]
[EventCountry "URS"]
[SourceTitle "TD"]
[Source "ChessBase"]
[SourceDate "1994.03.01"]
[SourceVersion "1"]
[SourceVersionDate "1994.03.01"]
[SourceQuality "1"]

1. c4 Nf6 2. Nf3 e6 3. g3 b6 4. Bg2 Bb7 5. 0-0 Be7 6. Nc3 d5 7. cxd5 exd5 8. d4 0-0 9. Bf4 c5 10. dxc5 bxc5 11. Ne5 Na6 12. Nc4 Rc8 13. Ne3 Nc7 14. Bxc7 Rxc7 15. Nexd5 Nxd5 16. Nxd5 Bxd5 17. Qxd5 Qxd5 18. Bxd5 Bf6 19. Rab1 Rd8 20. e4 Kf8 21. Rfc1 Bd4 22. Kg2 Rcc8 23. Rc4 Ke7 24. b4 Rb8 25. Rb3 Kd6 26. Bxf7 g5 27. bxc5+ Bxc5 28. Rd3+ Kc6 29. Bd5+ 1-0

[Event "Russian Winter op"]
[Site "Moscow"]
[Date "1991.??.??"]
[Round "?"]
[White "Vasiukov, Evgeni"]
[Black "Katishonok, Igor"]
[Result "1-0"]
[WhiteElo "2500"]
[BlackElo "2255"]
[PlyCount "81"]
[EventDate "1991.??.??"]
[EventType "swiss"]
[EventRounds "9"]
[EventCountry "URS"]
[SourceTitle "TD"]
[Source "ChessBase"]
[SourceDate "1994.03.01"]
[SourceVersion "1"]
[SourceVersionDate "1994.03.01"]
[SourceQuality "1"]

1. e4 c5 2. Nf3 Nf6 3. e5 Nd5 4. d4 cxd4 5. Qxd4 e6 6. Bc4 Nc6 7. Qe4 d6 8. 0-0 dxe5 9. Nxe5 Nf6 10. Nxc6 Nxe4 11. Nxd8 Kxd8 12. Nd2 Nxd2 13. Bxd2 Bd6 14. Rad1 Ke7 15. Bc3 f6 16. Rd3 a5 17. Rfd1 Bc7 18. Bb5 Rd8 19. Rxd8 Bxd8 20. Bd4 b6 21. f4 Ba6 22. Bxa6 Rxa6 23. c4 Bc7 24. g3 Ra8 25. Kf2 Rd8 26. Ke2 a4 27. Rd3 Rd6 28. b4 axb3 29. axb3 h5 30. c5 Rc6 31. b4 b5 32. Ra3 e5 33. fxe5 fxe5 34. Be3 Ke6 35. Ra8 Kd5 36. Rg8 g6 37. Rc8 Ke6 38. Kf3 Kd7 39. Rg8 Ra6 40. Ke4 Re6 41. Kd5 1-0

[Event "URS"]
[Site "Soviet Union"]
[Date "1990.??.??"]
[Round "?"]
[White "Ziatdinov, Raset"]
[Black "Katishonok, Igor"]
[Result "1/2-1/2"]
[WhiteElo "2515"]
[BlackElo "2225"]
[PlyCount "61"]
[EventDate "1990.??.??"]
[EventType "game"]
[EventRounds "9"]
[EventCountry "URS"]
[SourceTitle "EXT 2010"]
[Source "ChessBase"]
[SourceDate "2010.11.25"]
[SourceVersion "1"]
[SourceVersionDate "2010.11.25"]
[SourceQuality "1"]

1. e4 e5 2. Nf3 Nc6 3. Bb5 a6 4. Ba4 d6 5. 0-0 Bg4 6. h3 h5 7. d4 b5 8. Bb3 Nxd4 9. hxg4 hxg4 10. Ng5 Nh6 11. g3 Qf6 12. c3 Nxb3 13. axb3 Be7 14. Qd5 0-0 15. Na3 Qg6 16. Nxb5 Rac8 17. Nxf7 Nxf7 18. Rxa6 Bg5 19. Bxg5 c6 20. Rxc6 Rxc6 21. Qxc6 Nxg5 22. Kg2 Qh7 23. Qc4+ Kh8 24. Rh1 Nh3 25. Kf1 Rxf2+ 26. Ke1 Qh6 27. Rxh3 gxh3 28. Kxf2 h2 29. Qc8+ Kh7 30. Qf5+ Kg8 31. Qc8+ 1/2-1/2